00345nam a2200121Ia 4500008004100000020001800041041000800059082001500067100002900082245006400111260003900175300000900214220803s9999 xx 000 0 und d a9789383184071 aeng a720.28 PUR aPuru S Ed. & Patel K Ed. aSID 25 Curriculum Exposition : Basic Design .-9789383184071 b"CEPT University, Ahmedabad"c2015 a116p